000 00720nam a22002417a 4500
999 _c8656
_d8656
003 AR-CdUCM
008 190325b ||||| |||| 00| 0 spa d
040 _aMUNICIPALIDAD PROVINCIAL DEL CUSCO
_cBIBLIOTECA MUNICIPAL DEL CUSCO
041 _heng
082 _a839.366 /
_bP28
100 _aPaton, Alan
_924196
245 _aTierra mártir /
260 _aBuenos Aires :
_bEmecé,
_c1951.
300 _a288 páginas ;
_c18 cm.
505 _aContenido: Novela.
650 _aRelaciones raciales
_921336
650 _aNovelas sudafricanas
_924197
650 _aSiglo XX
_98
650 _aNovelas políticas
_910580
700 _aMoreno de Sáenz, Lucrecia (traducción)
_924198
942 _2ddc
_cLIBROS
945 _aachl